La gran vida salvaje vista sobre el planeta /

Documental producido por la BBC que muestra, con la ayuda de imágenes satelitales, las maravillas de la naturaleza a través del comportamiento de animales durante las estaciones del año, especialmente en primavera y verano. Entre éstos se mencionan a las mariposas, alcatraces, flamencos, pingüinos,...

Бүрэн тодорхойлолт

-д хадгалсан:
Номзүйн дэлгэрэнгүй
Үндсэн зохиолч: Waldman, David (prod.)
Бусад зохиолчид: Mirzoef, Edward (prod. ejecutiva) (prod. ejecutiva)
Формат: Гулсуулах
Хэл сонгох:англи
Хэвлэсэн: México : En Pantalla Producciones Internacionales [distribución], 2009, c2009
Нөхцлүүд:
Шошгууд: Шошго нэмэх
Шошго байхгүй, Энэхүү баримтыг шошголох эхний хүн болох!

MARC

LEADER 00000ngm^a2200000^a^4500
001 000297806
005 20250521000000.0
009 20260310112349.113
037 |a Acervo ITESO - Biblioteca 
041 |a ING 
082 |a 591.  |b WAL 
100 |a Waldman, David  |e (prod.) 
245 1 3 |a La gran vida salvaje vista sobre el planeta /  |c Prod. de D. Waldman ; prod. ejecutiva D. Waldman. 
264 4 |a México :  |b En Pantalla Producciones Internacionales [distribución],  |c 2009, c2009 
300 |a 1 DVD multirregión  |c (59 min.) 
336 |a imagen móvil bidimensional  |b tdi  |2 rdacontenido 
337 |a video  |b v  |2 rdamedio 
338 |a videodisco  |b vd  |2 rdasoporte 
500 |a Traducción de: The Greatest Wildlife Show On Earth 
520 |a Documental producido por la BBC que muestra, con la ayuda de imágenes satelitales, las maravillas de la naturaleza a través del comportamiento de animales durante las estaciones del año, especialmente en primavera y verano. Entre éstos se mencionan a las mariposas, alcatraces, flamencos, pingüinos, delfines, entre otros. 
546 |a Doblaje opcional: español 
649 |a XX 
650 |a Mariposas 
650 |a Grullas 
650 |a Pelícanos 
650 |a Flamingos 
650 |a Pingüinos 
650 |a Delfines 
650 |a Serpientes 
650 |a Caribúes 
650 |a Ñúes 
650 |a Bisontes 
650 |a Osos 
650 |a Cangrejos 
650 |a Corales 
650 |a Animales -  |x Tema Principal 
650 |a Fauna 
650 |a Etología 
650 |a Zoología 
740 4 |a The Greatest Wildlife Show On Earth /  |c Prod. de D. Waldman ; prod. ejecutiva D. Waldman. 
700 |a Mirzoef, Edward  |e (prod. ejecutiva) 
910 |a Fondo General 
920 |a Audiovisuales - DVDs 
905 |a 302 
901 |a 0500202721  |b IT2  |c DVS  |i C119887  |u 20250521 
902 |a https://opac.biblio.iteso.mx/vufind/Record/000297806